[Event "LTU  (B14)"]
[Site "Vilnius"]
[Date "2018.02.18"]
[Round "4.2"]
[White "Aleknavicius, Andrius"]
[Black "Indriunas, Matas"]
[Result "0-1"]
[WhiteElo "1784"]
[BlackElo "1876"]
[PlyCount "60"]
[EventDate "2018.02.16"]

1. d4 d6 2. e4 g6 3. Nc3 Bg7 4. Be3 Nc6 5. Qd2 e5 6. Nge2 Nf6 7. f3 O-O 8.
O-O-O exd4 9. Nxd4 Re8 10. Nxc6 bxc6 11. Bc4 Be6 12. Bxe6 Rxe6 13. Ne2 Re8 14.
Bd4 d5 15. e5 Nd7 16. f4 c5 17. Bf2 c6 18. Kb1 f6 19. Bh4 Qb6 20. exf6 Nxf6 21.
Bxf6 Bxf6 22. c3 Rab8 23. Rhe1 Re7 24. Ka1 Qa5 25. Rc1 Re4 26. Rc2 Rbe8 27. Kb1
d4 28. cxd4 Qxd2 29. Rxd2 cxd4 30. Kc2 Re3 0-1

[Event "LTU  (B14)"]
[Site "Vilnius"]
[Date "2018.02.18"]
[Round "4.3"]
[White "Posaskov, Nikita"]
[Black "Povilaitis, Tomas"]
[Result "1/2-1/2"]
[WhiteElo "1526"]
[BlackElo "1722"]
[PlyCount "49"]
[EventDate "2018.02.16"]

1. d4 d5 2. c4 e6 3. Nc3 c6 4. e4 dxe4 5. Nxe4 Bb4+ 6. Nc3 Nf6 7. Nf3 O-O 8.
Bd3 Qc7 9. O-O Nbd7 10. Re1 b6 11. Bd2 Bd6 12. Ne4 Nxe4 13. Bxe4 Nf6 14. Bc2 h6
15. Bc3 Be7 16. Qe2 Bb7 17. Nd2 Rad8 18. Ne4 Rfe8 19. Rad1 c5 20. dxc5 Nxe4 21.
Bxe4 Bxc5 22. Bxb7 Qxb7 23. Qg4 Bf8 24. Rxd8 Rxd8 25. Rd1 1/2-1/2

[Event "LTU  (B14)"]
[Site "Vilnius"]
[Date "2018.02.18"]
[Round "4.4"]
[White "Greicius, Pijus"]
[Black "Silkaitis, Laimis"]
[Result "1/2-1/2"]
[WhiteElo "1443"]
[BlackElo "1581"]
[PlyCount "68"]
[EventDate "2018.02.16"]

1. c4 c5 2. Nc3 Nc6 3. g3 e5 4. Bg2 d6 5. d3 Nf6 6. e3 g6 7. Nge2 Bg7 8. O-O
O-O 9. e4 Ne8 10. f4 f6 11. a3 Rb8 12. Nd5 Nc7 13. Rb1 Nxd5 14. cxd5 Nd4 15.
Nxd4 cxd4 16. Bd2 Bd7 17. Qe2 Qb6 18. b3 Rbc8 19. Rf2 Rc2 20. Qd1 Rc7 21. Rc1
Rfc8 22. Bf1 Rxc1 23. Bxc1 Qc5 24. Bb2 a5 25. h4 h5 26. Rd2 Bh6 27. Rf2 Kg7 28.
Qe1 Qc7 29. b4 a4 30. Kh2 Bb5 31. Bh3 Bd7 32. Bg2 Bg4 33. Qf1 Qd8 34. Bh3 Bxh3
1/2-1/2

[Event "LTU  (B14)"]
[Site "Vilnius"]
[Date "2018.02.18"]
[Round "4.5"]
[White "Juodzevicius, Karolis"]
[Black "Likatavicius, Rapolas"]
[Result "1/2-1/2"]
[WhiteElo "1579"]
[BlackElo "1474"]
[PlyCount "87"]
[EventDate "2018.02.16"]

1. d4 d5 2. c4 c6 3. e3 Nf6 4. Nc3 e6 5. Nf3 Bd6 6. Bd3 Nbd7 7. O-O e5 8. dxe5
Nxe5 9. cxd5 cxd5 10. Bb5+ Bd7 11. Bxd7+ Qxd7 12. Nxe5 Bxe5 13. Ne2 O-O 14. Nd4
Rac8 15. b3 Qc7 16. h3 Rfd8 17. Bb2 Qe7 18. Nf5 Qe6 19. Bxe5 Qxe5 20. Nd4 Ne4
21. Qg4 Nf6 22. Qf5 Qxf5 23. Nxf5 Kf8 24. Rac1 g6 25. Nd4 a6 26. g4 Ne4 27. f3
Ng5 28. f4 Ne6 29. f5 Nxd4 30. exd4 gxf5 31. Rxc8 Rxc8 32. Rxf5 Rc1+ 33. Kg2
Rc2+ 34. Rf2 Rxf2+ 35. Kxf2 Ke7 36. Ke3 h6 37. h4 Ke6 38. Kf4 a5 39. a3 b5 40.
Kf3 Ke7 41. Ke3 Kd6 42. h5 Ke6 43. Kf3 f5 44. Kf4 1/2-1/2

[Event "LTU  (B14)"]
[Site "Vilnius"]
[Date "2018.02.18"]
[Round "4.6"]
[White "Motuza, Nedas"]
[Black "Labanauskas, Dovydas"]
[Result "1/2-1/2"]
[WhiteElo "1316"]
[BlackElo "1557"]
[PlyCount "107"]
[EventDate "2018.02.16"]

1. d4 d5 2. Nf3 Nf6 3. Bf4 c5 4. e3 Nc6 5. Nbd2 c4 6. c3 Bf5 7. Be2 h6 8. h3 e6
9. O-O g5 10. Be5 Nxe5 11. Nxe5 Bd6 12. f4 Rg8 13. g4 gxf4 14. exf4 h5 15. g5
Bxh3 16. Rf2 Bg4 17. Nxg4 Nxg4 18. Bxg4 hxg4 19. Qxg4 Be7 20. Rh2 Kd7 21. Nf3
Kd6 22. Ne5 Rg7 23. Re1 Qg8 24. Rh6 Kc7 25. Kf2 f6 26. Nf3 fxg5 27. Rhxe6 Qh7
28. Qg3 Rd8 29. fxg5+ Bd6 30. Qg4 Rf8 31. Re8 Qh2+ 32. Qg2 Qxg2+ 33. Kxg2 Rxe8
34. Rxe8 Bf4 35. Re2 Bxg5 36. Nxg5 Rxg5+ 37. Kf3 Kd6 38. Kf4 Rg7 39. Kf5 Rf7+
40. Kg4 b5 41. Kg3 a5 42. a3 Rb7 43. Kf4 b4 44. axb4 axb4 45. Rh2 bxc3 46. bxc3
Rf7+ 47. Ke3 Rf6 48. Ra2 Kc7 49. Ra5 Rf5 50. Rc5+ Kb6 51. Kd2 Rh5 52. Kc2 Rg5
53. Kc1 Rg3 54. Kc2 1/2-1/2

[Event "LTU  (B14)"]
[Site "Vilnius"]
[Date "2018.02.18"]
[Round "4.7"]
[White "Staponas, Zygimantas"]
[Black "Gucaga, Augustas"]
[Result "0-1"]
[WhiteElo "1130"]
[BlackElo "1907"]
[PlyCount "54"]
[EventDate "2018.02.16"]

1. c4 Nf6 2. Nc3 g6 3. b3 Bg7 4. Bb2 O-O 5. Nf3 d6 6. e3 Nbd7 7. Be2 e5 8. O-O
c6 9. d4 e4 10. Nd2 Re8 11. Qc2 Qe7 12. Ba3 Nf8 13. Na4 N6d7 14. c5 d5 15. Bb2
f5 16. Nc3 g5 17. h3 Ng6 18. Bh5 Ndf8 19. Ne2 Qf6 20. Qd1 Re7 21. Bxg6 Nxg6 22.
a4 f4 23. b4 f3 24. Ng3 Nh4 25. gxf3 exf3 26. Nxf3 Nxf3+ 27. Kh1 Bxh3 0-1

[Event "LTU  (B14)"]
[Site "Vilnius"]
[Date "2018.02.18"]
[Round "4.8"]
[White "Vilkys, Benediktas"]
[Black "Persinas, Vilius"]
[Result "0-1"]
[WhiteElo "1316"]
[BlackElo "1394"]
[PlyCount "86"]
[EventDate "2018.02.16"]

1. e4 d5 2. exd5 Qxd5 3. Nc3 Qa5 4. d4 Nf6 5. Nge2 Bg4 6. f3 Bf5 7. Bd2 Qb6 8.
Rb1 Nc6 9. Na4 Qb5 10. b3 Nb4 11. Bxb4 Qxb4+ 12. c3 Qa5 13. Rb2 O-O-O 14. b4
Qd5 15. Qb3 b5 16. Nc5 e6 17. Qa3 Bxc5 18. bxc5 Qb7 19. Nf4 a6 20. Qa5 e5 21.
dxe5 Rhe8 22. Kf2 Rxe5 23. Bxb5 axb5 24. Rxb5 Rd2+ 25. Kg3 Rxa2 26. Qxa2 Qxb5
27. Qxf7 Qd7 28. Qc4 Be6 29. Qa6+ Kd8 30. Nd3 Re2 31. Nf4 Re5 32. Nd3 Nh5+ 33.
Kf2 Rd5 34. Rb1 Qc8 35. Qc6 Qd7 36. Qa8+ Ke7 37. Qa6 Kf6 38. g3 g6 39. f4 Ng7
40. Ne5 Rd2+ 41. Ke3 Nf5+ 42. Kf3 Qd5+ 43. Kg4 Ne3+ 0-1

[Event "LTU  (B14)"]
[Site "Vilnius"]
[Date "2018.02.18"]
[Round "4.9"]
[White "Vasiliauskas, Ignas"]
[Black "Jaskunas, Aistis"]
[Result "1-0"]
[WhiteElo "1270"]
[BlackElo "1005"]
[PlyCount "127"]
[EventDate "2018.02.16"]

1. e4 b6 2. Nc3 e5 3. Nf3 d6 4. Bc4 Nf6 5. d3 Bb7 6. O-O Be7 7. Be3 O-O 8. Nd2
Nbd7 9. f4 h6 10. h3 Re8 11. Nf3 Bf8 12. Qd2 Re7 13. Rae1 Qe8 14. a3 a6 15. Nh4
g6 16. f5 g5 17. Nf3 Nh5 18. Kh2 Bg7 19. Bd5 Bxd5 20. Nxd5 Qd8 21. Nxe7+ Qxe7
22. g4 Nf4 23. Bxf4 exf4 24. c3 f6 25. Nd4 Ne5 26. Nf3 Ra7 27. b3 c6 28. d4 Nd7
29. Qd3 Qf7 30. Qc4 Qxc4 31. bxc4 b5 32. Nd2 Nb6 33. Rb1 Na4 34. Rfc1 Nb6 35.
Kg2 Bf8 36. Rb3 a5 37. cxb5 a4 38. Rbb1 d5 39. bxc6 Ra6 40. Ra1 Kf7 41. Kf3 Ke8
42. exd5 Nxd5 43. c4 Nb4 44. d5 Nd3 45. Rf1 Ne5+ 46. Ke4 Bc5 47. Nf3 Nxc4 48.
Rfc1 Nd6+ 49. Kd3 Be3 50. Re1 Kd8 51. Nd4 Bf2 52. Re6 Ne8 53. Nb5 Ra5 54. Kc4
Nc7 55. Nxc7 Kxc7 56. Re7+ Kd8 57. Rd7+ Kc8 58. Kb4 Rc5 59. Kxa4 Bd4 60. Rd1
Rc4+ 61. Kb5 Rc5+ 62. Kb4 Rc2 63. Rxd4 Rb2+ 64. Kc3 1-0

[Event "LTU  (B14)"]
[Site "Vilnius"]
[Date "2018.02.18"]
[Round "5.1"]
[White "Indriunas, Matas"]
[Black "Stremavicius, Pijus"]
[Result "1-0"]
[WhiteElo "1876"]
[BlackElo "1862"]
[PlyCount "39"]
[EventDate "2018.02.16"]

1. e4 c5 2. Nf3 Nc6 3. d4 cxd4 4. Nxd4 Nf6 5. Nc3 d6 6. Bc4 Bd7 7. Bb3 a6 8.
Be3 Ng4 9. Nxc6 bxc6 10. Qf3 Ne5 11. Qe2 c5 12. O-O e6 13. f4 Nc6 14. f5 g6 15.
fxe6 fxe6 16. Qg4 Ne5 17. Bxe6 Bxe6 18. Qxe6+ Qe7 19. Qh3 Qd7 20. Qh4 1-0

[Event "LTU  (B14)"]
[Site "Vilnius"]
[Date "2018.02.18"]
[Round "5.2"]
[White "Gucaga, Augustas"]
[Black "Bagdanskis, Dangis"]
[Result "1-0"]
[WhiteElo "1907"]
[BlackElo "1585"]
[PlyCount "115"]
[EventDate "2018.02.16"]

1. e4 c5 2. Nf3 Nc6 3. d4 cxd4 4. Nxd4 Nf6 5. Nc3 e5 6. Ndb5 d6 7. Nd5 Nxd5 8.
exd5 Nb8 9. c4 Be7 10. Bd3 Nd7 11. O-O O-O 12. f3 Nc5 13. Bc2 a6 14. Nc3 Bg5
15. Kh1 Bxc1 16. Rxc1 Qh4 17. Qe2 f5 18. b4 Nd7 19. Bb3 b6 20. Qe3 Rf6 21. Qf2
Qxf2 22. Rxf2 Bb7 23. Ba4 Rf7 24. Bc6 Nf6 25. Na4 Rb8 26. b5 axb5 27. Bxb5 Ba8
28. Rb2 Rc7 29. Rcb1 Ra7 30. h3 e4 31. Re1 Re7 32. Kh2 e3 33. f4 Re4 34. g3 h5
35. Nc3 Re7 36. Rbe2 Rbb7 37. Rxe3 Rxe3 38. Rxe3 Ra7 39. a4 Kf7 40. Kg2 Re7 41.
Rxe7+ Kxe7 42. Bc6 Bxc6 43. dxc6 Kd8 44. Nd5 Ne4 45. Nxb6 Kc7 46. Nd5+ Kxc6 47.
Ne7+ Kc5 48. Nxf5 g5 49. Kf3 Nd2+ 50. Ke2 Ne4 51. Ke3 Nc3 52. fxg5 Kxc4 53. g6
Nd5+ 54. Kf3 Kb4 55. Nh6 Kxa4 56. g7 Nf6 57. g8=Q Nxg8 58. Nxg8 1-0

[Event "LTU  (B14)"]
[Site "Vilnius"]
[Date "2018.02.18"]
[Round "5.3"]
[White "Labanauskas, Dovydas"]
[Black "Aleknavicius, Andrius"]
[Result "1-0"]
[WhiteElo "1557"]
[BlackElo "1784"]
[PlyCount "137"]
[EventDate "2018.02.16"]

1. e4 d6 2. d4 Nf6 3. Nc3 Nbd7 4. Nf3 e5 5. dxe5 dxe5 6. Bc4 Be7 7. O-O c6 8.
Be3 b5 9. Bd3 Qc7 10. Ne2 O-O 11. Ng3 Nc5 12. Qe2 a5 13. h4 Bg4 14. Qe1 Rad8
15. Qc3 Nxd3 16. cxd3 Bxf3 17. gxf3 Bb4 18. Qc2 Rd7 19. Rac1 Rc8 20. h5 Bf8 21.
Bg5 Qd8 22. Rfd1 h6 23. Be3 Nh7 24. Kf1 Ng5 25. Ke2 Ne6 26. Nf5 Nd4+ 27. Bxd4
exd4 28. Rg1 Kh7 29. Rg2 c5 30. Rcg1 f6 31. Qb3 c4 32. Qxb5 Rc5 33. Rxg7+ Rxg7
34. Rxg7+ Kh8 35. Qb7 cxd3+ 36. Kxd3 Qe8 37. Rh7+ Kg8 38. Nxh6+ Bxh6 39. Rxh6
Qb5+ 40. Qxb5 Rxb5 41. b3 Kg7 42. Rg6+ Kf7 43. Kxd4 Rxh5 44. Rg1 Rh2 45. Ke3
Rh5 46. Rc1 Ke6 47. a3 Rb5 48. Rc3 Kd6 49. f4 Rh5 50. Kd4 Rh1 51. e5+ fxe5+ 52.
fxe5+ Ke6 53. f4 Rd1+ 54. Rd3 Ra1 55. b4 axb4 56. axb4 Rb1 57. Kc5 Rc1+ 58. Kb6
Rc4 59. b5 Rxf4 60. Re3 Rf1 61. Kb7 Rf7+ 62. Ka6 Rf1 63. b6 Kd5 64. e6 Kc6 65.
Rc3+ Kd6 66. Ra3 Kxe6 67. b7 Rf5 68. Ka7 Rf7 69. Ka8 1-0

[Event "LTU  (B14)"]
[Site "Vilnius"]
[Date "2018.02.18"]
[Round "5.4"]
[White "Povilaitis, Tomas"]
[Black "Motuza, Nedas"]
[Result "1-0"]
[WhiteElo "1722"]
[BlackElo "1316"]
[PlyCount "67"]
[EventDate "2018.02.16"]

1. f4 d5 2. Nf3 Nf6 3. e3 Bg4 4. Nc3 g6 5. b3 Bg7 6. Bb2 Ne4 7. Rb1 Nxc3 8.
Bxc3 Bxc3 9. dxc3 c6 10. Be2 Nd7 11. O-O Nf6 12. h3 Bxf3 13. Bxf3 Ne4 14. Qd4
Nf6 15. Rbd1 O-O 16. c4 dxc4 17. Qxc4 Qb6 18. Qe2 Rad8 19. Rd3 Rxd3 20. cxd3
Rd8 21. Kh1 Nh5 22. Bxh5 gxh5 23. e4 Qb5 24. Rf3 h4 25. f5 Qe5 26. Qe1 Qf6 27.
e5 Qh6 28. Qb4 Rd7 29. e6 fxe6 30. fxe6 Qxe6 31. Qxh4 Rd5 32. Qg3+ Qg6 33. Qb8+
Rd8 34. Qxd8+ 1-0

[Event "LTU  (B14)"]
[Site "Vilnius"]
[Date "2018.02.18"]
[Round "5.5"]
[White "Silkaitis, Laimis"]
[Black "Posaskov, Nikita"]
[Result "1-0"]
[WhiteElo "1581"]
[BlackElo "1526"]
[PlyCount "41"]
[EventDate "2018.02.16"]

1. d4 d5 2. c4 e6 3. Nc3 Nf6 4. cxd5 exd5 5. Bg5 Be7 6. e3 O-O 7. Bd3 h6 8. Bh4
c6 9. Qc2 Nbd7 10. Nf3 Re8 11. O-O Ne4 12. Bxe7 Qxe7 13. Rab1 Ndf6 14. Ne5 Bf5
15. b4 a6 16. Na4 Nd7 17. f3 Nxe5 18. dxe5 Qxe5 19. fxe4 dxe4 20. Be2 Re6 21.
Qc5 1-0

[Event "LTU  (B14)"]
[Site "Vilnius"]
[Date "2018.02.18"]
[Round "5.6"]
[White "Persinas, Vilius"]
[Black "Juodzevicius, Karolis"]
[Result "0-1"]
[WhiteElo "1394"]
[BlackElo "1579"]
[PlyCount "92"]
[EventDate "2018.02.16"]

1. g4 d5 2. Bg2 c6 3. h3 e5 4. e3 Be6 5. Ne2 Nd7 6. f4 g6 7. O-O f5 8. g5 e4 9.
d3 Qb6 10. Bd2 Bg7 11. Nbc3 Ne7 12. dxe4 dxe4 13. Bc1 Nd5 14. Nxd5 Bxd5 15. c3
h6 16. h4 h5 17. Qc2 Bc4 18. Rd1 Bd3 19. Qd2 O-O-O 20. Nd4 c5 21. Nc2 Nf8 22.
Qf2 Ne6 23. Bf1 c4 24. Re1 Bf8 25. Nd4 Nxd4 26. exd4 Bg7 27. Be3 Qc7 28. Bxd3
exd3 29. Qf3 Qc6 30. Qxc6+ bxc6 31. b3 c5 32. Bd2 cxd4 33. Re7 dxc3 34. Rxg7
cxd2 35. bxc4 Rhe8 36. Kf1 Re2 37. Rxa7 Kb8 38. Ra3 Rde8 39. Rb3+ Kc7 40. Rb4
R8e4 41. a4 Rxf4+ 42. Kg1 Rg4+ 43. Kh1 Rxh4+ 44. Kg1 Rg4+ 45. Kf1 Rgg2 46. a5
Ref2# 0-1

[Event "LTU  (B14)"]
[Site "Vilnius"]
[Date "2018.02.18"]
[Round "5.7"]
[White "Likatavicius, Rapolas"]
[Black "Greicius, Pijus"]
[Result "1-0"]
[WhiteElo "1474"]
[BlackElo "1443"]
[PlyCount "121"]
[EventDate "2018.02.16"]

1. d4 Nf6 2. g3 g6 3. Bg2 Bg7 4. Nc3 O-O 5. e4 d6 6. Nge2 e5 7. h3 Nc6 8. dxe5
dxe5 9. Bg5 h6 10. Qxd8 Rxd8 11. Bxf6 Bxf6 12. Nd5 Bg5 13. h4 Be7 14. Nxc7 Nb4
15. O-O Rb8 16. Nd5 Nxd5 17. exd5 Bf5 18. Rac1 Rdc8 19. Nc3 Bb4 20. Ne4 Bxe4
21. Bxe4 f5 22. c3 Bd6 23. Bb1 Kg7 24. c4 b6 25. Rc2 Rc7 26. a3 Kf6 27. Ba2 Rh8
28. Kg2 Rhc8 29. Rfc1 b5 30. b4 bxc4 31. Rxc4 Ke7 32. Rc6 Kd7 33. Bb3 Ke7 34.
R1c4 Rxc6 35. dxc6 Kd8 36. Bc2 Kc7 37. h5 gxh5 38. Bxf5 Rg8 39. Bd7 Be7 40. Kf1
Rf8 41. a4 Rf3 42. b5 Rf8 43. Rc2 h4 44. gxh4 Bxh4 45. a5 Rb8 46. Rb2 Bf6 47.
Rb3 Be7 48. Be6 Bc5 49. Rg3 Re8 50. Bd7 Re7 51. Rg8 Rf7 52. Be6 Re7 53. Bg4 Rf7
54. f3 Re7 55. Ra8 Kd6 56. Rh8 Bb4 57. b6 Kxc6 58. Bd7+ Kb7 59. Bc8+ Kc6 60. b7
Kc7 61. a6 1-0

[Event "LTU  (B14)"]
[Site "Vilnius"]
[Date "2018.02.18"]
[Round "5.8"]
[White "Meskauskas, Paulius"]
[Black "Vasiliauskas, Ignas"]
[Result "1/2-1/2"]
[WhiteElo "1112"]
[BlackElo "1270"]
[PlyCount "61"]
[EventDate "2018.02.16"]

1. e4 e5 2. Nf3 Nf6 3. Nxe5 d6 4. Nf3 Nxe4 5. Qe2 Qe7 6. Nc3 Nxc3 7. dxc3 Bf5
8. Qxe7+ Bxe7 9. Bd3 Bxd3 10. cxd3 Nc6 11. O-O O-O 12. Re1 Rfe8 13. Bf4 Bf6 14.
Re3 Re7 15. Rae1 Rae8 16. Rxe7 Rxe7 17. Rxe7 Bxe7 18. Kf1 Kf8 19. Ke2 Bf6 20.
Ke3 Ke7 21. Ke4 Ke6 22. d4 d5+ 23. Ke3 Bd8 24. h4 h6 25. Nd2 Ne7 26. g4 f5 27.
g5 h5 28. Nb3 b6 29. Be5 g6 30. f4 Nc6 31. Nd2 1/2-1/2

[Event "LTU  (B14)"]
[Site "Vilnius"]
[Date "2018.02.18"]
[Round "5.9"]
[White "Onega, Paulius"]
[Black "Kuznecovas, Kevinas"]
[Result "1/2-1/2"]
[WhiteElo "1230"]
[BlackElo "1024"]
[PlyCount "86"]
[EventDate "2018.02.16"]

1. e4 e5 2. Nf3 Nc6 3. Nc3 Nf6 4. d4 exd4 5. Nxd4 Bb4 6. f3 Bxc3+ 7. bxc3 O-O
8. Bb5 a6 9. Bxc6 dxc6 10. O-O h6 11. Qe1 Re8 12. Qg3 Qd6 13. Bf4 Qc5 14. Bxh6
Nh5 15. Qg5 Qxc3 16. Nb3 Qf6 17. Qxh5 Qxh6 18. Qxh6 gxh6 19. Nd4 Rd8 20. Rad1
Be6 21. a3 Rd6 22. Nxe6 fxe6 23. Rd3 Rad8 24. Rfd1 Kf7 25. Kf2 Kf6 26. f4 e5
27. f5 c5 28. g4 Rd4 29. h4 Rg8 30. Kf3 b5 31. c3 Rxd3+ 32. Rxd3 Re8 33. Rd7
Re7 34. Rxe7 Kxe7 35. g5 h5 36. g6 Kf6 37. Ke3 a5 38. Kd3 c4+ 39. Kc2 c6 40. a4
Kg7 41. Kb2 Kf6 42. Kc2 Kg7 43. Kb2 Kf6 1/2-1/2

[Event "LTU  (B14)"]
[Site "Vilnius"]
[Date "2018.02.18"]
[Round "5.10"]
[White "Jaskunas, Aistis"]
[Black "Staponas, Zygimantas"]
[Result "1/2-1/2"]
[WhiteElo "1005"]
[BlackElo "1130"]
[PlyCount "78"]
[EventDate "2018.02.16"]

1. d4 Nf6 2. Nc3 g6 3. g3 Bg7 4. Bg2 c6 5. b3 d5 6. Bb2 O-O 7. e3 Nbd7 8. Nge2
e5 9. dxe5 Nxe5 10. e4 dxe4 11. Nxe4 Qxd1+ 12. Rxd1 Nxe4 13. Bxe4 Bg4 14. Rd2
Nf3+ 15. Bxf3 Bxf3 16. Bxg7 Kxg7 17. O-O Bxe2 18. Rxe2 Rfe8 19. Rfe1 Rxe2 20.
Rxe2 Kf6 21. Kg2 a5 22. f4 a4 23. b4 Rd8 24. Kf3 Rd4 25. c3 Rd3+ 26. Re3 Rxe3+
27. Kxe3 Ke7 28. Kd4 Kd6 29. Kc4 b5+ 30. Kd4 f6 31. c4 h6 32. h4 h5 33. c5+ Kd7
34. Ke4 Ke6 35. a3 f5+ 36. Kd4 Kf7 37. Ke3 Ke7 38. Kd4 Ke6 39. Ke3 Kd5 1/2-1/2

[Event "LTU  (B14)"]
[Site "Vilnius"]
[Date "2018.02.19"]
[Round "6.1"]
[White "Indriunas, Matas"]
[Black "Povilaitis, Tomas"]
[Result "0-1"]
[WhiteElo "1876"]
[BlackElo "1722"]
[PlyCount "98"]
[EventDate "2018.02.16"]

1. e4 e6 2. d4 d5 3. Bd3 c5 4. exd5 exd5 5. dxc5 Bxc5 6. Nf3 Nf6 7. O-O O-O 8.
h3 h6 9. Nbd2 Nc6 10. a3 a5 11. b3 Be6 12. Bb2 Nh7 13. Qe2 Ng5 14. Nxg5 Qxg5
15. Nf3 Qh5 16. Rfe1 Bd6 17. Nd4 Qxe2 18. Rxe2 Nxd4 19. Bxd4 Rfc8 20. a4 Bd7
21. Rf1 Re8 22. Rxe8+ Rxe8 23. f4 f5 24. g3 Rc8 25. Kf2 Kf7 26. Ke3 Be6 27. c3
Be7 28. Rb1 Bd7 29. Kd2 Bf6 30. Bxf6 Kxf6 31. Be2 g5 32. h4 gxf4 33. gxf4 Rg8
34. Bf3 Ke6 35. Re1+ Kd6 36. c4 dxc4 37. bxc4 b6 38. Bd1 Rg3 39. Bc2 Rf3 40.
Rb1 Kc5 41. Bxf5 Bxa4 42. Bd3 Rxf4 43. h5 Bd7 44. Kc3 Rh4 45. Be2 Rh3+ 46. Kd2
a4 47. Bd1 Rh4 48. Be2 Rh2 49. Kd1 Rh1+ 0-1

[Event "LTU  (B14)"]
[Site "Vilnius"]
[Date "2018.02.19"]
[Round "6.2"]
[White "Juodzevicius, Karolis"]
[Black "Gucaga, Augustas"]
[Result "0-1"]
[WhiteElo "1579"]
[BlackElo "1907"]
[PlyCount "66"]
[EventDate "2018.02.16"]

1. d4 Nf6 2. c4 g6 3. Nc3 Bg7 4. e4 d6 5. f3 O-O 6. Be3 c6 7. Bd3 Nbd7 8. Nge2
a6 9. a4 c5 10. d5 Ne5 11. O-O Nfd7 12. Nf4 Nxd3 13. Nxd3 Ne5 14. Nxe5 Bxe5 15.
Qd2 Bd7 16. Bh6 Re8 17. f4 Bd4+ 18. Kh1 Qa5 19. Qc2 Qb4 20. Ne2 Bf6 21. Ra2 b5
22. cxb5 axb5 23. f5 Rxa4 24. Rxa4 bxa4 25. fxg6 hxg6 26. Nf4 Qxb2 27. Qd3 Bb5
28. Qg3 Bxf1 29. h4 Be5 30. h5 Bxf4 31. Bxf4 Qxg2+ 32. Qxg2 Bxg2+ 33. Kxg2 a3
0-1

[Event "LTU  (B14)"]
[Site "Vilnius"]
[Date "2018.02.19"]
[Round "6.3"]
[White "Stremavicius, Pijus"]
[Black "Silkaitis, Laimis"]
[Result "1-0"]
[WhiteElo "1862"]
[BlackElo "1581"]
[PlyCount "76"]
[EventDate "2018.02.16"]

1. d4 d5 2. c4 e6 3. Nf3 Nf6 4. g3 dxc4 5. Qa4+ Nbd7 6. Qxc4 a6 7. a4 Nb6 8.
Qc2 Bd7 9. Ne5 Be7 10. Bg2 Nbd5 11. O-O O-O 12. Nc3 Qc8 13. Bg5 Nxc3 14. bxc3
Rb8 15. Rfd1 Nd5 16. Bd2 f6 17. Nd3 Be8 18. c4 Nb6 19. a5 Nd7 20. Nf4 Bf7 21.
e4 e5 22. dxe5 Nxe5 23. Nd5 Bxd5 24. cxd5 c6 25. Qb3 cxd5 26. Rac1 Qe8 27. Bf4
Kh8 28. Rxd5 Rc8 29. Rcd1 Qf7 30. Qxb7 Rc2 31. h3 g5 32. Be3 Qe6 33. Qb3 Rc6
34. Qa4 Rfc8 35. Qa1 Kg8 36. Bxg5 fxg5 37. Rxe5 Qf7 38. Rf5 Rf6 1-0

[Event "LTU  (B14)"]
[Site "Vilnius"]
[Date "2018.02.19"]
[Round "6.4"]
[White "Bagdanskis, Dangis"]
[Black "Labanauskas, Dovydas"]
[Result "1-0"]
[WhiteElo "1585"]
[BlackElo "1557"]
[PlyCount "147"]
[EventDate "2018.02.16"]

1. d4 d5 2. Nf3 Nf6 3. c3 e6 4. Bf4 Bd6 5. Bg3 b6 6. e3 O-O 7. Nbd2 Bb7 8. Bd3
Nbd7 9. O-O Ne4 10. Qc2 Ndf6 11. Ne5 c5 12. Rad1 c4 13. Bxe4 Nxe4 14. Nxe4 dxe4
15. Nxc4 Bxg3 16. hxg3 Ba6 17. b3 Qd5 18. Rfe1 Bxc4 19. bxc4 Qxc4 20. Rb1 Rac8
21. Rec1 Rc7 22. Rb2 Qd3 23. Qxd3 exd3 24. Rd2 Rfc8 25. Rxd3 Rc4 26. Kf1 Kf8
27. Ke2 Ra4 28. Rd2 b5 29. Rdc2 Ra3 30. Kd2 Rc4 31. Rb1 Rca4 32. Rxb5 Rxa2 33.
Rbb2 Rxb2 34. Rxb2 Ra1 35. Kd3 a5 36. Kc4 Ke7 37. Rc2 a4 38. Kb4 g5 39. c4 h5
40. Kc3 Rb1 41. Ra2 f6 42. Rxa4 Rg1 43. Ra7+ Kd6 44. Kd3 Rxg2 45. Ke2 Rg1 46.
Rh7 Rh1 47. Kf3 Rh2 48. Ke2 Rh1 49. Rf7 f5 50. Rg7 g4 51. c5+ Kc6 52. Re7 Kd5
53. Rd7+ Kc4 54. c6 Rc1 55. Kd2 Rc3 56. c7 Kb3 57. Re7 Rc2+ 58. Ke1 Kb4 59. Kf1
Kb5 60. Rxe6 Rxc7 61. Rh6 Rf7 62. Rxh5 Kc4 63. Ke2 Kd5 64. Kd3 Kd6 65. Rg5 Rf6
66. Rg8 Kd5 67. Rd8+ Kc6 68. Kc4 Kc7 69. Rd5 Kc6 70. Rc5+ Kd7 71. Kd5 Rf7 72.
Ra5 Rf6 73. Ra7+ Kc8 74. Ke5 1-0

[Event "LTU  (B14)"]
[Site "Vilnius"]
[Date "2018.02.19"]
[Round "6.5"]
[White "Posaskov, Nikita"]
[Black "Likatavicius, Rapolas"]
[Result "1/2-1/2"]
[WhiteElo "1526"]
[BlackElo "1474"]
[PlyCount "80"]
[EventDate "2018.02.16"]

1. d4 d5 2. Bf4 Nf6 3. Nf3 c5 4. c3 Qb6 5. Qb3 c4 6. Qc2 Nc6 7. Nbd2 Bg4 8. Ne5
Nxe5 9. Bxe5 e6 10. e4 Nd7 11. Bg3 Bd6 12. Bxd6 Qxd6 13. f3 Bh5 14. Be2 b5 15.
b3 Nb6 16. a4 a6 17. axb5 axb5 18. Rxa8+ Nxa8 19. bxc4 dxc4 20. O-O O-O 21. Qb2
Qc6 22. Ra1 Nb6 23. Qb4 Ra8 24. Rxa8+ Nxa8 25. Nb1 h6 26. Na3 Nc7 27. Nc2 Qa6
28. Qa3 Qxa3 29. Nxa3 f6 30. Kf2 Kf8 31. Ke3 Ke7 32. g4 Be8 33. f4 Bc6 34. f5
e5 35. d5 Be8 36. h4 Na6 37. Kd2 Nc5 38. Ke3 Kd6 39. Nc2 Na4 40. Kd2 Nc5
1/2-1/2

[Event "LTU  (B14)"]
[Site "Vilnius"]
[Date "2018.02.19"]
[Round "6.6"]
[White "Aleknavicius, Andrius"]
[Black "Vasiliauskas, Ignas"]
[Result "1/2-1/2"]
[WhiteElo "1784"]
[BlackElo "1270"]
[PlyCount "131"]
[EventDate "2018.02.16"]

1. d4 d5 2. Bf4 Bf5 3. c4 c6 4. Nc3 Nf6 5. Qb3 Qd7 6. e3 e6 7. Nf3 Qc8 8. Be2
Be7 9. O-O O-O 10. Rac1 b6 11. Ne5 Nbd7 12. Rfd1 Nxe5 13. Bxe5 Qb7 14. Bf3 Bg4
15. Bxg4 Nxg4 16. Bg3 Nf6 17. c5 b5 18. Qc2 Rfd8 19. f3 Re8 20. e4 Rad8 21. b4
a6 22. Qe2 Nh5 23. f4 Nxg3 24. hxg3 f5 25. exf5 exf5 26. Qe6+ Kh8 27. Qxf5 Bf6
28. Qd3 Qf7 29. Kf2 Re7 30. Rc2 Rde8 31. Re2 Rxe2+ 32. Nxe2 h6 33. Nc3 Kg8 34.
Rd2 Qd7 35. Re2 Rxe2+ 36. Nxe2 Qe8 37. Qe3 Kf7 38. Qf3 Kf8 39. f5 Qe7 40. Qd3
Qe8 41. Nf4 Kg8 42. Ne6 Qb8 43. Kf3 Kf7 44. Qe3 Qc8 45. Qf4 Kg8 46. Qd6 Qa8 47.
Ke3 Qc8 48. Kd3 Qa8 49. Qc7 Qe8 50. g4 Qa8 51. Qd6 Qc8 52. g3 Qa8 53. Nf4 Qc8
54. Qe6+ Qxe6 55. Nxe6 Kf7 56. Kc3 Ke7 57. Kd3 Kf7 58. Kc3 Ke7 59. Kb3 Kf7 60.
a4 Ke7 61. Ka3 Kf7 62. Nc7 Ke7 63. Nxa6 Kd7 64. axb5 cxb5 65. c6+ Kxc6 66. Nc5
1/2-1/2

[Event "LTU  (B14)"]
[Site "Vilnius"]
[Date "2018.02.19"]
[Round "6.7"]
[White "Greicius, Pijus"]
[Black "Onega, Paulius"]
[Result "1-0"]
[WhiteElo "1443"]
[BlackElo "1230"]
[PlyCount "119"]
[EventDate "2018.02.16"]

1. c4 Nf6 2. g3 g6 3. Bg2 Bg7 4. Nc3 d6 5. e4 Nbd7 6. Nge2 O-O 7. O-O e5 8. d3
Nc5 9. b4 Ncd7 10. Bb2 c5 11. a3 b6 12. h3 Bb7 13. Qe1 Qe7 14. f4 Ne8 15. f5 f6
16. g4 g5 17. h4 h6 18. Bf3 Nc7 19. Kg2 Kf7 20. Rh1 Rh8 21. Qf2 Raf8 22. Bc1
Ke8 23. Bd2 Nb8 24. b5 Kd8 25. Nd5 Bxd5 26. exd5 Nd7 27. a4 a5 28. bxa6 Nxa6
29. a5 bxa5 30. Bxa5+ Ke8 31. Rhb1 Kf7 32. Nc3 Rb8 33. Nb5 Ra8 34. h5 Nb4 35.
Qd2 Na6 36. Qc3 Nab8 37. Bc7 Rxa1 38. Rxa1 Re8 39. Nxd6+ Kf8 40. Nb5 Kg8 41. d6
Qf8 42. Bd5+ Kh8 43. Ra7 Kh7 44. Qa3 Rc8 45. Rb7 Qh8 46. Be6 Qf8 47. Bxb8 Nxb8
48. Bxc8 Qxc8 49. Rc7 Qd8 50. Qa7 Qf8 51. Rxg7+ Qxg7 52. Qxb8 Qd7 53. Qc7 Qxc7
54. dxc7 Kg7 55. c8=Q Kh7 56. Qe8 e4 57. Qe7+ Kg8 58. Nd6 exd3 59. Ne8 d2 60.
Qg7# 1-0

[Event "LTU  (B14)"]
[Site "Vilnius"]
[Date "2018.02.19"]
[Round "6.8"]
[White "Kuznecovas, Kevinas"]
[Black "Persinas, Vilius"]
[Result "0-1"]
[WhiteElo "1024"]
[BlackElo "1394"]
[PlyCount "40"]
[EventDate "2018.02.16"]

1. e4 d5 2. exd5 Qxd5 3. Nc3 Qa5 4. d4 Nf6 5. Bd2 Bg4 6. Be2 Bxe2 7. Ncxe2 Qd5
8. Nf3 Nc6 9. O-O O-O-O 10. Nc3 Qf5 11. Be3 e5 12. Ne2 e4 13. Nh4 Qh5 14. g3 g5
15. Ng2 Ne5 16. h4 Nf3+ 17. Kh1 gxh4 18. Nef4 Qg4 19. Nxh4 Bd6 20. Nhg2 Nh5 0-1